MLB Power-Speed # Leaders - Statistics

General Stats
  • This quiz has been taken 6 times
  • The average score is 36 of 147
Answer Stats
Year Player % Correct
1990 Barry Bonds
100%
1969 Bobby Bonds
100%
2024 Shohei Ohtani
100%
1997 Alex Rodriguez
80%
1921 Babe Ruth
80%
1988 José Canseco
80%
1956 Mickey Mantle
80%
1985 Rickey Henderson
80%
2019 Ronald Acuña Jr.
80%
1955 Willie Mays
80%
2002 Alfonso Soriano
60%
1989 Bo Jackson
60%
1920 Cy Williams
60%
1937 Gee Walker
60%
2001 José Cruz
60%
2025 Juan Soto
60%
1999 Ken Griffey Jr.
60%
1922 Ken Williams
60%
1997 Larry Walker
60%
2012 Mike Trout
60%
1973 Reggie Jackson
60%
1918 Tillie Walker
60%
1970 Tommy Harper
60%
1909 Ty Cobb
60%
2004 Bobby Abreu
40%
2023 Bobby Witt Jr.
40%
2006 Carl Crawford
40%
1929 Charlie Gehringer
40%
1932 Chuck Klein
40%
1986 Eric Davis
40%
2020 Fernando Tatis Jr.
40%
1961 Frank Robinson
40%
2007 Hanley Ramírez
40%
1904 Harry Davis
40%
1963 Henry Aaron
40%
1908 Honus Wagner
40%
1947 Jackie Robinson
40%
1976 Joe Morgan
40%
2017 Jose Altuve
40%
2018 José Ramírez
40%
2022 Kyle Tucker
40%
1964 Leon Wagner
40%
2015 Manny Machado
40%
2011 Matt Kemp
40%
1922 Rogers Hornsby
40%
2012 Ryan Braun
40%
1908 Sam Crawford
40%
1995 Sammy Sosa
40%
2022 Trea Turner
40%
1941 Vince DiMaggio
40%
2001 Vladimir Guerrero
40%
2015 AJ Pollock
20%
1971 Amos Otis
20%
1931 Ben Chapman
20%
1934 Bob Johnson
20%
1992 Brady Anderson
20%
2010 Carlos González
20%
1942 Charlie Keller
20%
1984 Darryl Strawberry
20%
1979 Davey Lopes
20%
2003 Derrek Lee
20%
1972 Dick Allen
20%
1965 Jim Wynn
20%
1954 Eddie Mathews
20%
1919 George Sisler
20%
1925 Goose Goslin
20%
1927 Hack Wilson
20%
1912 Heinie Zimmerman
20%
1911 Home Run Baker
20%
1989 Howard Johnson
20%
2009 Ian Kinsler
20%
2011 Jacoby Ellsbury
20%
1999 Jeff Bagwell
20%
1936 Jimmie Foxx
20%
1987 Joe Carter
20%
1940 Joe Gordon
20%
1925 Kiki Cuyler
20%
1984 Kirk Gibson
20%
1967 Lou Brock
20%
1975 Mike Schmidt
20%
1951 Minnie Miñoso
20%
2017 Paul Goldschmidt
20%
1983 Paul Molitor
20%
1936 Pepper Martin
20%
2000 Preston Wilson
20%
1909 Red Murray
20%
1980 Robin Yount
20%
1932 Roy Johnson
20%
1985 Ryne Sandberg
20%
1927 | 1933 Tony Lazzeri
20%
2018 Trevor Story
20%
1912 Tris Speaker
20%
Wil Myers
20%
1948 Al Zarilla
0%
1978 Andre Dawson
0%
1934 Arky Vaughan
0%
1935 Augie Galan
0%
1930 Babe Herman
0%
1919 Benny Kauff
0%
1926 Billy Southworth
0%
1935 Billy Werber
0%
1917 Bobby Veach
0%
1915 Braggo Roth
0%
2013 Carlos Gómez
0%
1974 César Cedeño
0%
1995 Chad Curtis
0%
1903 Charlie Hickman
0%
1962 Chuck Hinton
0%
1939 Cookie Lavagetto
0%
1983 Dale Murphy
0%
2000 Darin Erstad
0%
1916 Dave Robertson
0%
1942 Dolph Camilli
0%
1968 Don Buford
0%
1953 Duke Snider
0%
1982 Dwayne Murphy
0%
1946 Eddie Lake
0%
1938 Ernie Koy
0%
1910 Frank Schulte
0%
1905 Fred Odwell
0%
1918 George Cutshaw
0%
1924 George Grantham
0%
2008 Grady Sizemore
0%
1904 Harry Lumley
0%
1921 Jack Fournier
0%
1954 Jackie Jensen
0%
1941 Jeff Heath
0%
1961 Jim Landis
0%
1903 Jimmy Sheckard
0%
1944 Johnny Hopp
0%
2016 Jonathan Villar
0%
1949 Larry Doby
0%
1980 Lee Mazzilli
0%
2009 Mark Reynolds
0%
1969 Paul Blair
0%
1946 Pete Reiser
0%
1950 Sam Jethroe
0%
1914 Sherry Magee
0%
1944 Snuffy Stirnweiss
0%
1940 Terry Moore
0%
1966 Tommie Agee
0%
1945 Tommy Holmes
0%
1981 Tom Paciorek
0%
1913 Vic Saier
0%
1916 Wally Pipp
0%
1965 Zoilo Versalles
0%
No matching quizzes found
Score Distribution
Percent of People with Each Score
Percentile by Number Answered
Your Score History
You have not taken this quiz